| 000 | 00461nam a22001691a 4500 | ||
|---|---|---|---|
| 001 | 5717 | ||
| 003 | OSt | ||
| 005 | 20260204212025.0 | ||
| 008 | 060204s1977||||dr ||||||b||||||||||spa|| | ||
| 050 | _aRD 972.9301 P933c | ||
| 100 | _aPriego, Joaquín R. | ||
| 245 | _aCultura taína / Joaquín R. Priego | ||
| 264 | _aSanto Domingo : Publicaciones América | ||
| 300 | _a259 p | ||
| 650 | _a1.Historia - República Dominicana 2.Cultura TaínaÌ | ||
| 942 |
_2ddc _cBK |
||
| 999 |
_c5717 _d5717 |
||